| 000 | 00867nam a2200265Ia 4500 | ||
|---|---|---|---|
| 003 | OSt | ||
| 005 | 20220923211227.0 | ||
| 006 | a|||||r|||| 00| 0 | ||
| 007 | ta | ||
| 008 | 220922b |||||||| |||| 00| 0 hin d | ||
| 020 |
_a9788170564126 (hbk) _c400 |
||
| 024 | _a273,272 | ||
| 037 |
_b23061, 16/08/2013, Kitab Ghar _cTextual |
||
| 040 |
_aARTS _cARTS _bhin |
||
| 041 |
_2hin _ahin |
||
| 082 | _aY11:45.2, 152Q0 | ||
| 100 | _aबृन्दा सिंह | ||
| 245 | 0 | _aबाल अपराध | |
| 246 | _aBāl aparādha | ||
| 260 |
_aजयपुर _b पंचशील प्रकाशन _c2010 |
||
| 300 |
_a248पृ. _ccm. |
||
| 650 | _aभारतीय-लोक साहित्य | ||
| 942 |
_hY11:45.2, 152Q0 _cTEXL _2CC |
||
| 999 |
_c297254 _d297254 |
||